000 01163njm a22003017a 4500
005 20100920141642.0
006 a|||||r|||||00| 0
007 sd ammalaaahaa
008 100913t xxu||||| |||| 00| 0 hin d
028 _a2675530
_bMusic India
035 _aGR-03930
040 _aSED/VEN
100 _aPankaj Udhas
_91184
245 _aNa-Yaab;
_cby Pankaj Udhas, lyric : Zafar Gorakhpuri
_h[sound recording] :
_b(Ghazals) Long Play
246 _aन -याब (ग़ज़ल्स)( पंकज उधास )
260 _aDum Dum India
_bMusic India
300 _a1 sound disc [Gramophone record] :
_banalog, 33 1/3 rpm
_c12.5 in. (LP)
_fGramophone Record
500 _aBrief Record
500 _aRecord label :Music India, Red
505 _a Side 1 Raat Ghatayen khushboo (Na-Yaab) Ghazals ,Pankaj Udhas Side 2 Ek taraf Uska ghar (Na-Yaab) Ghazals ,Pankaj Udhas
600 _919992
650 _aFilm Music
_xExcerpts
_zIndia
_920525
650 _920526
700 _919604
_aZafar Gorakhpuri
700 _919605
_aG.L.Rawal
942 _2ddc
_cGR
999 _c46866
_d46866